Statistics for "Hello," In Various Languages

Click here to take the quiz!

General Stats

  • This quiz has been taken 1,472 times
    (1,446 since last reset)
  • The average score is 16 of 33

Answer Stats

HintAnswer% Correct
HelloEnglish
100%
BonjourFrench
100%
Guten TagGerman
98%
HolaSpanish
97%
CiaoItalian
95%
你好Mandarin/Cantonese
92%
こんにちはJapanese
87%
OláPortuguese
80%
Здравствуйте!Russian
77%
السلام عليكمArabic
74%
ShalomHebrew
69%
Γεια σαςGreek
59%
HejSwedish
55%
Hyvää päivääFinnish
52%
Hallo (African Country)Afrikaans
49%
HeiNorwegian
48%
नमस्तेHindi
42%
CześćPolish
39%
JamboSwahili
37%
MerhabaTurkish
32%
Salve!Latin
30%
ZdravoCroatian
29%
হ্যালোBengali
25%
AhojCzech or Slovak
25%
سلامFarsi
23%
வணக்கம்Tamil
22%
TereEstonian
18%
SziaHungarian
17%
SveikiLithuanian
13%
AloRomanian
9%
PozdraviSlovenian
8%
SawubonaZulu
6%
Helô or HylôWelsh
3%

Score Distribution

Percentile by Number Answered

Percent of People with Each Score

Your Score History

You have not taken this quiz since the last reset